000
00316nam a2200109Ia 4500
008
200302s9999 xx 000 0 und d
100
_a
Judith Dupre
245
_a
A History of the Worlds Most Extraordinary Building Sky Scrapers
260
_b
Black Dog & Leventhal Publishers.Inc.,
260
_c
1996
300
_a
160 P.,
999
_c
3028
_d
3028